[Event "SRB-chT (Women)"]
[Site "Novi Sad"]
[Date "2010.08.28"]
[Round "6"]
[White "Bojovic, Jovana"]
[Black "Drljevic, Ljilja"]
[Result "0-1"]
[WhiteElo "1885"]
[BlackElo "2273"]
[PlyCount "100"]
[EventDate "2010.08.23"]
[EventType "team-tourn"]
[EventRounds "11"]
[EventCountry "YUG"]
[SourceTitle "CBM 138 Extra"]
[Source "ChessBase"]
[SourceDate "2010.10.29"]
[SourceVersion "1"]
[SourceVersionDate "2010.10.29"]
[SourceQuality "1"]

1. e4 d6 2. d4 Nf6 3. Nc3 g6 4. Nf3 Bg7 5. Bc4 0-0 6. Qe2 c6 7. e5 Nd5 8. Nxd5 cxd5 9. Bb3 Nc6 10. Bf4 dxe5 11. dxe5 Bg4 12. 0-0 e6 13. Rfe1 f6 14. Qe3 Bxf3 15. gxf3 fxe5 16. Bg5 Qd7 17. c3 Qf7 18. Bd1 Qf5 19. Bh4 Qh3 20. Bg3 Bh6 21. Qd3 Bf4 22. Be2 Qh5 23. Rad1 Rf7 24. Qc2 Raf8 25. Kh1 Qh6 26. Rg1 Rf5 27. Rg2 Rh5 28. Re1 Ne7 29. Bd3 Nf5 30. Reg1 Bxg3 31. fxg3 Ne3 32. Qe2 Nxg2 33. Rxg2 e4 34. fxe4 Re5 35. Qg4 dxe4 36. Bc4 Qe3 37. Bxe6+ Kg7 38. Bc4 Ref5 39. Qd1 b5 40. Be2 a6 41. a4 Rf2 42. Rxf2 Rxf2 43. Qd7+ Rf7 44. Qd1 bxa4 45. Bxa6 Qf3+ 46. Qxf3 Rxf3 47. Kg2 Rf6 48. Bb7 e3 49. Bf3 Rb6 50. Be2 Rxb2 0-1

[Event "SRB-chT (Women)"]
[Site "Pozarevac"]
[Date "2009.09.21"]
[Round "8"]
[White "Sekulic, Isidora"]
[Black "Bojovic, Jovana"]
[Result "0-1"]
[WhiteElo "1780"]
[BlackElo "1878"]
[PlyCount "86"]
[EventDate "2009.09.14"]
[EventType "tourn"]
[EventRounds "9"]
[EventCountry "YUG"]
[SourceTitle "CBM 132 Extra"]
[Source "ChessBase"]
[SourceDate "2009.11.03"]
[SourceVersion "1"]
[SourceVersionDate "2009.11.03"]
[SourceQuality "1"]

1. d4 Nf6 2. Nf3 e6 3. c4 b6 4. Nc3 Bb7 5. e3 Bb4 6. a3 Bxc3+ 7. bxc3 0-0 8. Bd3 Nc6 9. 0-0 Na5 10. Nd2 Rc8 11. e4 d5 12. cxd5 exd5 13. Re1 dxe4 14. Nxe4 Nxe4 15. Bxe4 Bxe4 16. Rxe4 Qd5 17. Qc2 Rfe8 18. Rxe8+ Rxe8 19. Be3 Nc4 20. Qa4 Ra8 21. Re1 Nd6 22. Qb4 Re8 23. Bd2 Rxe1+ 24. Bxe1 Qe4 25. c4 Qxd4 26. Qc3 Qxc3 27. Bxc3 Nxc4 28. a4 f6 29. Kf1 Kf7 30. Ke2 Ke6 31. Kd3 Kd5 32. f4 Nd6 33. g3 Ne4 34. Bb2 Nc5+ 35. Ke3 Nxa4 36. Ba3 c5 37. Kd3 b5 38. h4 b4 39. Bc1 b3 40. Ba3 c4+ 41. Kd2 Kd4 42. h5 c3+ 43. Kc1 Kd3 0-1

[Event "SRB-chT (Women)"]
[Site "Subotica"]
[Date "2008.09.11"]
[Round "9"]
[White "Bojovic, Jovana"]
[Black "Maksimovic, Suzana"]
[Result "0-1"]
[WhiteElo "1901"]
[BlackElo "2289"]
[PlyCount "90"]
[EventDate "2008.09.03"]
[EventType "team-tourn"]
[EventRounds "11"]
[EventCountry "YUG"]
[SourceTitle "CBM 126 Extra"]
[Source "ChessBase"]
[SourceDate "2008.11.05"]
[SourceVersion "1"]
[SourceVersionDate "2008.11.05"]
[SourceQuality "1"]

1. e4 c5 2. Nf3 a6 3. d4 cxd4 4. Nxd4 e5 5. Nf3 Nf6 6. Bg5 Nc6 7. Nc3 Bb4 8. Qd3 h6 9. Bd2 0-0 10. Be2 Bxc3 11. Bxc3 d5 12. exd5 Qxd5 13. Qd1 Qc5 14. 0-0 Bf5 15. Re1 Ne4 16. Rf1 Nxc3 17. bxc3 Qxc3 18. Qd6 Rac8 19. Qd5 Rfd8 20. Qb3 Qxc2 21. Bc4 Qxb3 22. Bxb3 Kf8 23. Rfe1 f6 24. Nh4 Bd3 25. Be6 Rc7 26. Rac1 Re7 27. Bc4 Red7 28. Be6 Rd6 29. Bh3 g6 30. g3 Nd4 31. Bg4 f5 32. Bd1 Nc6 33. Ba4 b5 34. Bb3 Kg7 35. Re3 e4 36. Ng2 g5 37. Ree1 Nd4 38. Bd1 Kf6 39. Rc7 Rc6 40. Rxc6+ Nxc6 41. f3 Ne5 42. fxe4 Bxe4 43. Ne3 Rd2 44. a4 b4 45. Rf1 b3 0-1

[Event "SRB-chT (Women)"]
[Site "Subotica"]
[Date "2008.09.08"]
[Round "6"]
[White "Uzelac, Iva"]
[Black "Bojovic, Jovana"]
[Result "1/2-1/2"]
[WhiteElo "1619"]
[BlackElo "1901"]
[PlyCount "62"]
[EventDate "2008.09.03"]
[EventType "team-tourn"]
[EventRounds "11"]
[EventCountry "YUG"]
[SourceTitle "CBM 126 Extra"]
[Source "ChessBase"]
[SourceDate "2008.11.05"]
[SourceVersion "1"]
[SourceVersionDate "2008.11.05"]
[SourceQuality "1"]

1. Nf3 c5 2. d4 cxd4 3. Nxd4 b6 4. b3 Bb7 5. Bb2 Nf6 6. Nd2 e6 7. N2f3 Bb4+ 8. c3 Be7 9. g3 d5 10. Bg2 Nbd7 11. 0-0 Rc8 12. Rc1 Ne4 13. c4 dxc4 14. Rxc4 Rxc4 15. bxc4 0-0 16. Qa4 a6 17. Nc6 Ndc5 18. Nxd8 Nxa4 19. Nxb7 Nxb2 20. Ne5 Nf6 21. Rc1 Rc8 22. Rc2 Na4 23. Rd2 Nc3 24. Bf3 h6 25. Kg2 Nce4 26. Rb2 Rc7 27. Rxb6 Ba3 28. Rb3 Be7 29. Bxe4 Nxe4 30. c5 Nxc5 31. Nxc5 Bxc5 1/2-1/2

[Event "SRB-chT (Women) 1st"]
[Site "Zlatibor"]
[Date "2007.08.27"]
[Round "7"]
[White "Mladenovic, Jelena"]
[Black "Bojovic, Jovana"]
[Result "1-0"]
[WhiteElo "2114"]
[BlackElo "1918"]
[PlyCount "65"]
[EventDate "2007.08.21"]
[EventType "team-tourn"]
[EventRounds "11"]
[EventCountry "YUG"]
[SourceTitle "CBM 120 Extra"]
[Source "ChessBase"]
[SourceDate "2007.11.01"]
[SourceVersion "1"]
[SourceVersionDate "2007.11.01"]
[SourceQuality "1"]

1. e4 c5 2. Nf3 e6 3. d3 Nc6 4. g3 Qc7 5. Bg2 Nf6 6. Qe2 d6 7. 0-0 Be7 8. c3 a6 9. d4 cxd4 10. cxd4 b5 11. e5 Nd5 12. Nc3 Nxc3 13. bxc3 0-0 14. c4 bxc4 15. Qxc4 d5 16. Qc2 h6 17. Be3 Bd7 18. h4 Qa7 19. Rfc1 Rfc8 20. Qd1 Rab8 21. Nh2 Rb2 22. Qg4 Kh8 23. Qf4 Rf8 24. Bf1 Nb4 25. Ng4 h5 26. Nf6 Bb5 27. Qg5 Bxf6 28. exf6 gxf6 29. Qxh5+ Kg8 30. Qg4+ Kh7 31. Qf4 Rh8 32. Qh6+ Kg8 33. Rc8+ 1-0

[Event "SRB-chT (Women) 1st"]
[Site "Zlatibor"]
[Date "2007.08.25"]
[Round "5"]
[White "Stojanovic, Andjelija"]
[Black "Bojovic, Jovana"]
[Result "1-0"]
[WhiteElo "2235"]
[BlackElo "1918"]
[PlyCount "75"]
[EventDate "2007.08.21"]
[EventType "team-tourn"]
[EventRounds "11"]
[EventCountry "YUG"]
[SourceTitle "CBM 120 Extra"]
[Source "ChessBase"]
[SourceDate "2007.11.01"]
[SourceVersion "1"]
[SourceVersionDate "2007.11.01"]
[SourceQuality "1"]

1. d4 Nf6 2. Bg5 c5 3. d5 d6 4. Bxf6 gxf6 5. Nc3 Bg7 6. e3 Nd7 7. Nge2 a6 8. Nf4 b5 9. Qg4 Bh6 10. Ne6 Qa5 11. Qh5 Bf8 12. Be2 Ne5 13. 0-0 Ng6 14. Nxf8 Kxf8 15. a4 b4 16. Ne4 Ke8 17. Nd2 Kd8 18. f4 f5 19. Nc4 Qc7 20. a5 Rb8 21. b3 Qd7 22. Nb6 Qc7 23. Nc4 Qd7 24. Rad1 Ke8 25. Bd3 h6 26. Nb6 Qc7 27. Nxc8 Rxc8 28. Bxf5 Rb8 29. Bxg6 fxg6 30. Qxg6+ Kd8 31. f5 Kc8 32. f6 Rf8 33. fxe7 Qxe7 34. Rxf8+ Qxf8 35. Rf1 Qe7 36. e4 Rb7 37. Qg8+ Qd8 38. Rf8 1-0

[Event "SRB-ch U18 Girls"]
[Site "Vrnjacka Banja"]
[Date "2007.04.11"]
[Round "4"]
[White "Bojovic, Jovana"]
[Black "Trivunovic, Jelena"]
[Result "1/2-1/2"]
[WhiteElo "1918"]
[BlackElo "1827"]
[PlyCount "66"]
[EventDate "2007.04.09"]
[EventType "swiss"]
[EventRounds "9"]
[EventCountry "SRB"]
[SourceTitle "EXT 2023"]
[Source "ChessBase"]
[SourceDate "2022.10.05"]
[SourceVersion "1"]
[SourceVersionDate "2022.10.05"]
[SourceQuality "1"]

1. e4 e5 2. Nf3 Nc6 3. d4 exd4 4. Nxd4 Bc5 5. Be3 Qf6 6. c3 Nge7 7. g3 Bb6 8. Bg2 d6 9. 0-0 Bd7 10. Nc2 Bxe3 11. Nxe3 0-0 12. Nd2 Rfe8 13. Qc2 Rad8 14. Rad1 Qh6 15. Rfe1 Ne5 16. f4 Ng4 17. Nxg4 Bxg4 18. Nf3 Nc6 19. Qf2 a6 20. Rd2 Qe6 21. f5 Qh6 22. Nd4 Ne5 23. Nc2 Qh5 24. Rf1 Bh3 25. Ne3 Bxg2 26. Qxg2 Qg5 27. Qe2 Rd7 28. Rdd1 Nc6 29. Rf4 Ne5 30. f6 g6 31. Rdf1 Re6 32. Kg2 Kf8 33. h4 Qh6 1/2-1/2

[Event "SRB-ch U18 Girls"]
[Site "Vrnjacka Banja"]
[Date "2007.04.10"]
[Round "3"]
[White "Grba, Nina"]
[Black "Bojovic, Jovana"]
[Result "0-1"]
[WhiteElo "1680"]
[BlackElo "1918"]
[PlyCount "78"]
[EventDate "2007.04.09"]
[EventType "swiss"]
[EventRounds "9"]
[EventCountry "SRB"]
[SourceTitle "EXT 2023"]
[Source "ChessBase"]
[SourceDate "2022.10.05"]
[SourceVersion "1"]
[SourceVersionDate "2022.10.05"]
[SourceQuality "1"]

1. d4 Nf6 2. c4 e6 3. Nf3 b6 4. g3 Bb7 5. Bg2 c5 6. d5 exd5 7. Ng5 Ne4 8. Nxe4 dxe4 9. Qc2 d5 10. cxd5 Bxd5 11. Bxe4 Qd7 12. Nc3 Bc6 13. Bf4 Be7 14. a3 Qb7 15. Rd1 Bxe4 16. Qxe4 Qxe4 17. Nxe4 Nc6 18. 0-0 Nd4 19. Rd2 0-0 20. Kg2 Rfd8 21. h3 Nb3 22. Rdd1 Rac8 23. Be5 Bf8 24. Nc3 Nd2 25. Rfe1 Nc4 26. Bf4 Nxb2 27. Rb1 Nc4 28. a4 Be7 29. Nb5 Rd7 30. Red1 Rcd8 31. Rxd7 Rxd7 32. Nc3 Na5 33. Bb8 Nc6 34. Bf4 g6 35. h4 Bf8 36. e3 Kg7 37. Ne4 Be7 38. Kf3 h6 39. g4 Bxh4 0-1

[Event "Vojvodina-chT (Women)"]
[Site "Sremska Mitrovica"]
[Date "2006.09.22"]
[Round "1"]
[White "Stojanovic, J."]
[Black "Bojovic, Jovana"]
[Result "0-1"]
[WhiteElo "2106"]
[BlackElo "1957"]
[PlyCount "76"]
[EventDate "2006.09.22"]
[EventType "team-tourn"]
[EventRounds "5"]
[EventCountry "YUG"]
[SourceTitle "CBM 114 Extra"]
[Source "ChessBase"]
[SourceDate "2006.11.03"]
[SourceVersion "1"]
[SourceVersionDate "2006.11.03"]
[SourceQuality "1"]

1. Nf3 c5 2. d4 cxd4 3. Nxd4 a6 4. g3 e6 5. Bg2 Nf6 6. 0-0 d5 7. b3 Be7 8. Bb2 Nbd7 9. Nd2 Qa5 10. c4 Nb6 11. Qc2 Ba3 12. Bxa3 Qxa3 13. e4 Qc5 14. Qc3 dxc4 15. Nxc4 Nxc4 16. Qxc4 Qxc4 17. bxc4 e5 18. Nb3 Be6 19. c5 Nd7 20. Rfc1 Rc8 21. Rab1 Bxb3 22. Rxb3 Rxc5 23. Rcb1 b5 24. Ra3 Rc6 25. Bf1 Ke7 26. Bd3 Rd8 27. f3 Rdc8 28. Kg2 Nc5 29. Bf1 Ne6 30. Bd3 Nd4 31. Rb2 Rc3 32. Rxc3 Rxc3 33. Rd2 a5 34. Kf2 b4 35. Ke3 b3 36. axb3 Nxb3 37. Rd1 Nc5 38. Ke2 Rxd3 0-1

[Event "Serbia-chT (Women)"]
[Site "Zlatibor"]
[Date "2006.09.03"]
[Round "9"]
[White "Bokan, Jelena"]
[Black "Bojovic, Jovana"]
[Result "0-1"]
[WhiteElo "2065"]
[BlackElo "1957"]
[PlyCount "80"]
[EventDate "2006.08.26"]
[EventType "team-tourn"]
[EventRounds "9"]
[EventCountry "YUG"]
[SourceTitle "EXT 2007"]
[Source "ChessBase"]
[SourceDate "2006.11.23"]
[SourceVersion "1"]
[SourceVersionDate "2006.11.23"]
[SourceQuality "1"]

1. e4 c5 2. Nf3 Nc6 3. d4 cxd4 4. Nxd4 e6 5. Nb3 Nf6 6. Bd3 d5 7. exd5 Nxd5 8. 0-0 Qc7 9. Be4 Nf6 10. Nc3 a6 11. Be3 Nxe4 12. Nxe4 b6 13. a4 Bb7 14. f3 Be7 15. Qe2 0-0 16. Qf2 Bd8 17. Rfd1 Nb4 18. c3 Nd5 19. Bd2 Be7 20. Kh1 e5 21. Qe2 f5 22. Ng5 Bc8 23. f4 e4 24. Nd4 Rf6 25. Qh5 h6 26. Rac1 hxg5 27. fxg5 g6 28. gxf6 gxh5 29. fxe7 Qxe7 30. c4 Nb4 31. Bxb4 Qxb4 32. Nc6 Qxb2 33. Rb1 Qc2 34. Rbc1 Qxa4 35. Rd8+ Kf7 36. Ne5+ Ke6 37. Ng6 Bb7 38. Rd4 Rg8 39. Nf4+ Ke5 40. Ne2 Qa2 0-1

[Event "EU-chT U18 Girls 6th"]
[Site "Balatonlelle"]
[Date "2006.07.14"]
[Round "3"]
[White "Bojovic, Jovana"]
[Black "Masyagutova, Leisan"]
[Result "0-1"]
[WhiteElo "1945"]
[BlackElo "2046"]
[PlyCount "54"]
[EventDate "2006.07.12"]
[EventType "team-swiss"]
[EventRounds "7"]
[EventCountry "HUN"]
[SourceTitle "EXT 2020"]
[Source "ChessBase"]
[SourceDate "2019.10.17"]
[SourceVersion "1"]
[SourceVersionDate "2019.10.17"]
[SourceQuality "1"]
[WhiteTeam "Serbia U18 (W) II"]
[BlackTeam "Russia U18 (W)"]
[WhiteTeamCountry "SRB"]
[BlackTeamCountry "RUS"]

1. e4 c5 2. Nf3 e6 3. d4 cxd4 4. Nxd4 Nf6 5. Nc3 Bb4 6. Qe2 Bxc3+ 7. bxc3 0-0 8. Ba3 Re8 9. Nb5 Nc6 10. Bd6 Qa5 11. Kd2 Qa4 12. f3 Rd8 13. Nc7 Ne8 14. Nxe8 Rxe8 15. Qf2 b6 16. Bd3 Ba6 17. Qg3 e5 18. Rhb1 Re6 19. Bb4 Bxd3 20. cxd3 a5 21. a3 Na7 22. Bd6 Rxd6 23. Qxe5 Qc6 24. a4 Kf8 25. Rb3 Re8 26. Qf5 Qc4 27. Rxb6 Qxd3+ 0-1

[Event "Serbia-ch (Women)"]
[Site "Vrnjacka Banja"]
[Date "2006.02.??"]
[Round "3"]
[White "Milovanov, Olga"]
[Black "Bojovic, Jovana"]
[Result "1/2-1/2"]
[WhiteElo "2035"]
[BlackElo "1969"]
[PlyCount "34"]
[EventDate "2006.02.??"]
[EventType "swiss"]
[EventRounds "9"]
[EventCountry "YUG"]
[SourceTitle "CBM 110 Extra"]
[Source "ChessBase"]
[SourceDate "2006.03.10"]
[SourceVersion "2"]
[SourceVersionDate "2006.03.10"]
[SourceQuality "1"]

1. e4 c5 2. g3 e6 3. Bg2 Nc6 4. d3 g6 5. f4 d6 6. Nf3 Bg7 7. c3 e5 8. 0-0 Nge7 9. Be3 b6 10. Bf2 Ba6 11. Re1 0-0 12. Na3 Qc7 13. Qa4 Bb7 14. Rad1 exf4 15. gxf4 d5 16. Bg3 Qd7 17. Qc2 Rac8 1/2-1/2